Online
Catalog

Rurturas literaturas : (Record no. 2930)

MARC details
000 -CABECERA
campo de control de longitud fija 00914cam a2200217 a 4500
001 - NÚMERO DE CONTROL
campo de control 000003099
005 - FECHA Y HORA DE LA ÚLTIMA TRANSACCIÓN
campo de control 20200929150329.0
008 - DATOS DE LONGITUD FIJA--INFORMACIÓN GENERAL
campo de control de longitud fija 750211s1978 ag b 001 f spa
040 ## - FUENTE DE LA CATALOGACIÓN
Centro catalogador/agencia de origen DO-SdBNP
Centro/agencia transcriptor DLC
Centro/agencia modificador DLC
082 ## - NÚMERO DE LA CLASIFICACIÓN DECIMAL DEWEY
Número de clasificación 813.44
Número de documento/Ítem K65r
100 1# - ENTRADA PRINCIPAL--NOMBRE DE PERSONA
Nombre de persona Klinkowitz, Jerome.
9 (RLIN) 8078
240 10 - TÍTULO UNIFORME
Título uniforme Literary disruptions. The marking of a post-comtemporary american fiction.
Lenguaje de la obra Español
245 10 - MENCIÓN DE TÍTULO
Título Rurturas literaturas :
Resto del título la novela norteamericana "postcontemporánea" /
Mención de responsabilidad, etc. Jerome Klinkowitz; traducción, Aníbal Leal.
260 ## - PUBLICACIÓN, DISTRIBUCIÓN, ETC.
Lugar de publicación, distribución, etc. Buenos Aires :
Nombre del editor, distribuidor, etc. Distribuidora ,
Fecha de publicación, distribución, etc. 1978.
300 ## - DESCRIPCIÓN FÍSICA
Extensión 221 p. ;
Dimensiones 20 cm.
504 ## - NOTA DE BIBLIOGRAFÍA, ETC.
Nota de bibliografía, etc. Bibliografía [p. 211-221]
534 ## - NOTA SOBRE LA VERSIÓN ORIGINAL
Encabezamiento principal del original Título de la obra en Inglés:
Mención de título del original Literary disruptions. The marking of a post-comtemporary american fiction.
650 #4 - PUNTO DE ACCESO ADICIONAL DE MATERIA--TÉRMINO DE MATERIA
Término de materia o nombre geográfico como elemento de entrada Novela américana
Subdivisión cronológica 20th century
Subdivisión general Historia y crítica
9 (RLIN) 9773
700 1# - PUNTO DE ACCESO ADICIONAL--NOMBRE DE PERSONA
Nombre de persona Leal, Aníbal
Término indicativo de función/relación tr.
9 (RLIN) 4573
910 ## - DATOS DE OPCIÓN DEL USUARIO (OCLC)
Datos de opción del usuario Catalogación por copia / LC
Holdings
Estado de retiro Estado de pérdida Restricciones de uso No para préstamo Código de colección Localización permanente Ubicación/localización actual Ubicación en estantería Fecha de adquisición Número de inventario Total de préstamos Signatura topográfica completa Código de barras Fecha visto por última vez Precio válido a partir de Tipo de ítem Koha
    Préstamo interno   Monografías: Libros y Folletos General General En catalogación 06.07.2009 LF1   813.44 K65r 3099-10 25.06.2020 25.06.2020 Préstamo interno

Powered by Koha